000 00636nam a22001817a 4500
003 BUBTL
008 190428b xxu||||| |||| 00| 0 eng d
020 _a978-984-401-783-2
082 _a954.92 / IMB
100 _92304
_aইমাম, এইচ. টি.
245 _aবাংলাদেশ সরকার ১৯৭১ /
_cএইচ. টি.ইমাম
260 _aঢাকা :
_bআগামী প্রকাশনী,
_cc2004
300 _a567 p. :
_bill. ;
_c23 cm.
650 0 _91755
_aমুক্তিযুদ্ধ
856 _k0
_l0
_yDownload
942 _2ddc
_cBK
999 _c6001
_d6001